Kultura organizace založená na investicích do lidí

O medzinárodnej norme Investors in People, ktorá pomáha tisíckam organizácií po celom svete zvyšovať svoju výkonnosť pomocou motivovaných zamestnancov. Norma funguje i v ČR. Základné princípy normy.

Guardado en:
Detalles Bibliográficos
Autor principal: Michálek, Zdeněk
Formato: Capítulo de libro
Lenguaje:checo
Materias:
Etiquetas: Agregar Etiqueta
Sin Etiquetas, Sea el primero en etiquetar este registro!

MARC

LEADER 00000naa a2200000 4500
001 0192698
005 20231113134755.8
041 0 |a cze 
044 |a CZ 
245 1 0 |a Kultura organizace založená na investicích do lidí  |c Zdeněk Michálek 
520 |a O medzinárodnej norme Investors in People, ktorá pomáha tisíckam organizácií po celom svete zvyšovať svoju výkonnosť pomocou motivovaných zamestnancov. Norma funguje i v ČR. Základné princípy normy. 
610 2 0 |a investície 
610 2 0 |a motivácia pracovná 
610 2 0 |a výkonnosť podniku 
610 2 0 |a výkony podnikové 
100 1 |a Michálek, Zdeněk